00715nam a2200193Ia 4500003000900000008004100009020001800050040001600068080001500084100002700099245012900126260004400255300001600299650003000315700003200345942000700377999001700384952012000401IN-BaIIA211028s9999 xx 000 0 eng d a0-19-509414-X cIIA Library a523.9bHOY aHoyt, Douglas V921220 0aTher role of the sun in climate changecDouglas V. Hoyt and Kenneth H. Schatten  aNew yorkbOxford University Pressc1997 aviii, 279p. aSolar Physics, Sun921221 aSchatten, Kenneth H.921222 cBK c12163d12163 00104070aBANbBANcGENd1997-07-31g625.00l0o523.9/ HOYp13079r2021-11-05v625.00w1997-07-31yBKGRs. 625.00